Central Library OPAC University of Rajshahi

Current cost accounting : (Record no. 15235)

MARC details
000 -LEADER
fixed length control field 01068nam a22003132a 4500
001 - CONTROL NUMBER
control field 15235
003 - CONTROL NUMBER IDENTIFIER
rucl marc code BD-RUCL
005 - DATE AND TIME OF LATEST TRANSACTION
control field 20211208235757.0
008 - FIXED-LENGTH DATA ELEMENTS--GENERAL INFORMATION
fixed length control field 140209s1984 enk 000 0 eng d
020 ## - INTERNATIONAL STANDARD BOOK NUMBER
International Standard Book Number 0131958356
International Standard Book Number 0131957937 (v.1)
International Standard Book Number 0131958011 (v.2)
International Standard Book Number 0131958194 (v.3)
International Standard Book Number 0131958275 (v.4)
035 ## - SYSTEM CONTROL NUMBER
System control number (BD-RUCL)15289
040 ## - CATALOGING SOURCE
Original cataloging agency UKM
Transcribing agency BD-RUCL
Modifying agency EQO
Language of cataloging eng
041 ## - LANGUAGE CODE
Language code of text/sound track or separate title eng
082 ## - DEWEY DECIMAL CLASSIFICATION NUMBER
Classification number 657.48
Edition number 19
Author mark and year CUR 1984
245 10 - TITLE STATEMENT
Title Current cost accounting :
Remainder of title the benefits and the costs /
Statement of responsibility, etc. joint editors, Bryan Carsberg and Michael Page
260 ## - PUBLICATION, DISTRIBUTION, ETC. (IMPRINT)
Place of publication, distribution, etc. Englewood Cliffs ;
-- London :
Name of publisher, distributor, etc. Prentice-Hall in association with the Institute of Chartered Accountants in England and Wales,
Date of publication, distribution, etc. [c1984]
300 ## - PHYSICAL DESCRIPTION
Pagination V.
Size 24 cm
505 0# - FORMATTED CONTENTS NOTE
Formatted contents note Vol. 3, Vol. 4 --
650 #0 - SUBJECT ADDED ENTRY--TOPICAL TERM
Topical term or geographic name as entry element Accounting
Geographic subdivision Great Britain
General subdivision Effect of inflation on
9 (RLIN) 44139
700 1# - ADDED ENTRY--PERSONAL NAME
Personal name Carsberg, Bryan V.
Personal name Page, M. J.
710 2# - ADDED ENTRY--CORPORATE NAME
Corporate name or jurisdiction name as entry element Institute of Chartered Accountants in England and Wales.
9 (RLIN) 44141
942 ## - ADDED ENTRY ELEMENTS (KOHA)
Source of classification or shelving scheme Dewey Decimal Classification
Koha item type Books
Holdings
Lost status Source of classification or shelving scheme Damaged status Not for loan Collection code Permanent Location Current Location Shelving location Date acquired Source of acquisition Cost, normal purchase price Total Checkouts Full call number Date last seen Copy number Koha item type
  Dewey Decimal Classification     Non-fiction Central Library, University of Rajshahi Central Library, University of Rajshahi   29/09/1988 I, D. A. Credit 42.95   657.48 CUR V-3 1984 09/02/2014 C-2 Books
  Dewey Decimal Classification   Not For Loan Non-fiction Central Library, University of Rajshahi Central Library, University of Rajshahi Reading Room 29/09/1988 I, D. A. Credit 42.95   657.48 CUR V-4 1984 19/01/2017 C-1 Books
  Dewey Decimal Classification   Not For Loan Non-fiction Central Library, University of Rajshahi Central Library, University of Rajshahi Reading Room 29/09/1988 I. D. A. Credit 42.95   657.48 CUR V-3 1984 03/04/2019 C-1 Books
  Dewey Decimal Classification     Non-fiction Central Library, University of Rajshahi Central Library, University of Rajshahi   29/09/1988 I. D. A. Credit 42.95   657.48 CUR V-3 1984 03/04/2019 C-3 Books
  Dewey Decimal Classification     Non-fiction Central Library, University of Rajshahi Central Library, University of Rajshahi   29/09/1988 I. D. A. Credit 42.95   657.48 CUR V-4 1984 03/04/2019 C-2 Books
  Dewey Decimal Classification     Non-fiction Central Library, University of Rajshahi Central Library, University of Rajshahi   29/09/1988 I. D. A. Credit 42.95   657.48 CUR V-4 1984 03/04/2019 C-3 Books
  Dewey Decimal Classification   Not For Loan Non-fiction Central Library, University of Rajshahi Central Library, University of Rajshahi Reading Room 29/09/1988 I. D. A. Credit 42.95   657.48 CUR V-1 1984 03/04/2019 C-1 Books
  Dewey Decimal Classification     Non-fiction Central Library, University of Rajshahi Central Library, University of Rajshahi   29/09/1988 I. D. A. Credit 42.95   657.48 CUR V-1 1984 03/04/2019 C-2 Books
  Dewey Decimal Classification   Not For Loan Non-fiction Central Library, University of Rajshahi Central Library, University of Rajshahi Reading Room 29/09/1988 I. D. A. Credit 42.95   657.48 CUR V-2 1984 03/04/2019 C-1 Books
  Dewey Decimal Classification     Non-fiction Central Library, University of Rajshahi Central Library, University of Rajshahi   29/09/1988 I. D. A. Credit 42.95   657.48 CUR V-2 1984 03/04/2019 C-2 Books
  Dewey Decimal Classification     Non-fiction Central Library, University of Rajshahi Central Library, University of Rajshahi   29/09/1988 I. D. A. Credit 42.95   657.48 CUR V-2 1984 03/04/2019 C-3 Books